000 00233 a2200097 4500
001 34661
100 _aBose, Pradip Kumar
245 _aComputer Programming for Social science
260 _aND
_bVistaar
_c1986
090 _c22944
_d22944
942 _aNUST-CAE
_cM
_c14385
999 _c269734
_d269734